Controlling the drug release profile of nasal polymeric nanoparticles via hyaluronic acid [abstract] /

Elmentve itt :
Bibliográfiai részletek
Szerzők: Sipos Bence
Katona Gábor
Csóka Ildikó
Testületi szerző: VIII. Symposium of Young Researchers on Pharmaceutical Technology, Biotechnology and Regulatory Science
Dokumentumtípus: Könyv része
Megjelent: University of Szeged Szeged 2026
Sorozat:Symposium of Young Researchers on Pharmaceutical Technology, Biotechnology and Regulatory Science 8
Kulcsszavak:Gyógyszertechnológia - előadáskivonat
Tárgyszavak:
doi:10.14232/syrptbrs.2026.40

Online Access:http://acta.bibl.u-szeged.hu/89444
LEADER 01103naa a2200241 i 4500
001 acta89444
005 20260216123310.0
008 260216s2026 hu o 100 eng d
024 7 |a 10.14232/syrptbrs.2026.40  |2 doi 
040 |a SZTE Egyetemi Kiadványok Repozitórium  |b hun 
041 |a eng 
100 1 |a Sipos Bence 
245 1 0 |a Controlling the drug release profile of nasal polymeric nanoparticles via hyaluronic acid   |h [elektronikus dokumentum] :  |b [abstract] /  |c  Sipos Bence 
260 |a University of Szeged  |b Szeged  |c 2026 
300 |a 40 
490 0 |a Symposium of Young Researchers on Pharmaceutical Technology, Biotechnology and Regulatory Science  |v 8 
650 4 |a Orvos- és egészségtudomány 
650 4 |a Általános orvostudomány 
695 |a Gyógyszertechnológia - előadáskivonat 
700 0 1 |a Katona Gábor  |e aut 
700 0 1 |a Csóka Ildikó  |e aut 
711 |a VIII. Symposium of Young Researchers on Pharmaceutical Technology, Biotechnology and Regulatory Science  |c Szeged  |d 2026. január 28-30. 
856 4 0 |u http://acta.bibl.u-szeged.hu/89444/1/syrptbrs_2026_040.pdf  |z Dokumentum-elérés